000 01037nam a22002657a 4500
005 20091103154816.0
008 091103t xxu||||| |||| 00| 0 eng d
010 _aENG-95307
020 _a9780198065487
_c295.00
020 _a0198065485
_c295.00
035 _aEN-78840
040 _aDPL
082 _a305.56880954
100 _aHardtmann, Eva-Maria.
245 _aThe Dalit movement in India :
_blocal practices, global connections /
_cby Eva-Maria Hardtmann.
260 _aNew Delhi :
_bOxford University Press,
_c2009.
300 _axiv, 263 p. ;
_c23 cm.
500 _aIncludes bibliographical references
650 _aDalits
_xPolitical activity
_zIndia.
650 _aDalits
_zIndia
_xSocial conditions.
650 _aDalits
_zIndia
_xReligion.
942 _2ddc
_cEN
_mHAR
_h305.56880954
999 _c31304
_d31304